00746cam a2200253 4500001001300000003000400013005001700017008004100034010001700075025002000092040001800112050001800130082001200148245003600160260004000196300003000236350000900266490003800275500006400313651002800377710003000405830004000435999001700475sa 68014498 DLC20260227112632.0700212s1968 ii c 000 0 eng  asa 68014498  aPL480:I-E-11128 aDLCcDLCdDLC00aHC435.2b.B6500a330.95404aThe Bombay plan & other essays. aBombay,bLalvani Pub. Housec[1968] axii, 85 p.bport.c19 cm. a4.001 aA. D. Shroff memorial lectures, 2 a"Delivered under the auspices of Forum of Free Enterprise." 0aIndiaxEconomic policy.2 aForum of Free Enterprise. 0aA. D. Schroff memorial lectures,v2 c85838d85838